000 00633nam a22002537a 4500
003 UA-OsUOA
001 25093
007 ta
008 20040315b un ||||| |||| 00| 0 ukr d
100 _aОмельченко А.В.
090 _a347.73(075.8)
_bО-57
942 _cBK
040 _aUA-OsUOA
_bukr
_cUA-OsUOA
_dUA-OsUOA
245 _aІнвестиційне право
_bНавчальний посібник
300 _a176 с.
955 _a0
041 _aukr
080 _a347.73(075.8)
020 _a5-900-195-23-6
260 _aКиїв
_bАтіка
_c1999
044 _aUA
650 7 _2UDC
999 _c311384
_d311384